000 02881nam a22002057a 4500
003 BD-DhCDI
005 20251126083202.0
008 251126b bg ||||| |||| 00| 0 ben d
020 _a9789849127239
_qhard cover
040 _aBD-DhCDI
_bBD-DhCDI
_cBD-DhCDI
082 _223
_a891.44108
_bSAV 2016
100 _aশাহাদুজ্জামান
_eলেখক
_9587
245 _aভাষান্তরসমগ্র :
_bভাষান্তরিত গল্প, প্রবন্ধ, সাক্ষাৎকার /
_cশাহাদুজ্জামান
246 _aVashantorsomogro:
260 _aBangladesh;
_bপাঠক সমাবেশ,
_c1st Published, 2016.
300 _a564 p.:
_c22 cm.
520 _a"ভাষান্তরসমগ্র" বইটি সর্ম্পকে কিছু ধারণাঃ কথাসাহিত্যিক শাহাদুজ্জামানের লেখালেখির শুরু আশির দশকের মাঝামাঝি অনুবাদের মাধ্যমে। পরবর্তীকালে গল্প, উপন্যাস, প্রবন্ধসহ কথাসাহিত্যের নানা শাখায় মৌলিক রচনার পাশাপাশি বিভিন্ন বিষয়ে ইংরেজি লেখা বাংলায় ভাষান্তর অব্যাহত রেখেছেন তিনি। ভাষান্তরিত লেখাগুলোতেও রয়েছে শাহাদুজ্জামানের নিজস্ব রচনাশৈলীর সাক্ষির। তাঁর ভাষান্তরিত প্রবন্ধগুলো সংকলিত হয়েছে ভাবনা ভাষান্তর', গল্পগুলো 'ক্যাঙ্গারু দেখার শ্রেষ্ঠ দিন' এবং বিশ্ববরেণ্য ব্যক্তিত্বের সাক্ষাৎকারগুলো কথা পরম্পরা' বইয়ে। এছাড়া তাঁর অগ্রন্থিত বিভিন্ন ভাষান্তরিত রচনাও রয়েছে। ভাষান্তরসমগ্র'শাহাদুজ্জামানের এ যাবৎ ভাষান্তরিত সকল গ্রন্থিত, অগ্রন্থিত রচনার সংকলন। এ বই বিশ্বসাহিত্য, রাজনীতিসহ, আন্তর্জাতিক ভাবনাজগতের এক বিস্তৃত প্রেক্ষাপটের মুখোমুখি করবে পাঠকপাঠিকাকে।
650 _aBengali literature — Collections — Translations
_91685
942 _2ddc
_cBK
999 _c915
_d915